000 00598nam a2200229Ia 4500
003 OSt
005 20220926042919.0
006 a|||||r|||| 00| 0
007 ta
008 220923b |||||||| |||| 00| 0 eng d
037 _cGeneral Book
040 _aRTL
_cRTL
_beng
041 _2eng
_aeng
082 _aXN17.N6, K2
100 _aJacobs Dan N Ed.
_9121571
245 0 _aNew Communist manifesto and related documents
250 _a2
260 _c1962
650 _aPublic Utility
_9234512
942 _hXN17.N6, K2
_cGB
_2CC
999 _c670922
_d670922